000 00578nam a2200193 a 4500
001 000012066
005 20240412074229.0
008 091104s1946 dr 001 p spa d
040 _aDO-SdBNP
_bspa
_cBNPHU
082 _aRD861.44
_bE18t
100 1 _aEchavarria, Colón,
_d1898-1979
_923926
245 1 0 _aTambor de negros /
_cColón Echavarria.
260 _aBuenos Aires, Argentina :
_bNorte,
_c1946.
300 _a155 p. ;
_c20 cm.
650 0 _aPoesía dominicana
_966
650 0 _aLiteratura dominicana.
_967
910 _aValidado. Control de calidad EMS
049 _aBNPD
999 _c11733
_d11733